000 01506cam a22001934a 4500
005 20250605164141.0
008 250528s ||||||||||||||||||||||||d
035 _a18984
020 _a960210158
040 _aGR-AtMCL
_bgre
_dGR-AtMCL
_eAACR2
245 1 _aΗ Εικονα και το Βλεμμα / Δοκίμια Βασισμένα στην ομώνυμη τηλεοπτική σειρά του BBC με τον John Berger
260 _bΟδυσσέας,
_c1993
300 _a168
520 _aΗ Όραση έρχεται πριν από τις λέξεις. Το παιδί κοιτάζει και αναγνωρίζει πριν μπορέσει να μιλήσει. Αλλα υπάρχει επίσης και μια άλλη έννοια με την οποία η όραση έρχεται πριν από τις λέξεις. Είναι η όραση που εγκαθιδρύει τη θέση μας στον περιβάλλοντα κόσμο. Εξηγούμε αυτό τον κόσμο με λέξεις, αλλά οι λέξεις δεν μπορούν ποτέ να ανατρέψουν το γεγονός ότι περιβαλλόμαστε από αυτόν. Η σχέση ανάμεσα σ'αυτό που βλέπουμε και σ'αυτό που γνωρίζουμε δεν είναι ποτέ ξεκαθαρισμένη. Κάθε βράδυ βλέπουμε τον ήλιο να δύει.
700 1 _aBerger John
_94877
942 _cBK
999 _c4276
_d4276